书目信息 |
| 题名: |
汉俄科技翻译指南
|
|
| 作者: | 董宗杰 编 | |
| 分册: | ||
| 出版信息: | 北京 电子工业出版社 1988 |
|
| 页数: | 316页 | |
| 开本: | 20cm | |
| 丛书名: | ||
| 单 册: | ||
| 中图分类: | H355.9 | |
| 科图分类: | ||
| 主题词: | 俄语 | |
| 电子资源: | ||
| ISBN: | 7-5053-0114-4 | |
| 000 | 00544nam0 2200193 45 | |
| 001 | 0405111515 | |
| 005 | 20040511152152.2 | |
| 010 | @a7-5053-0114-4@dCNY3.50 | |
| 100 | @a20040511d1988 km y0chiy0120 ea | |
| 101 | 0 | @achi |
| 105 | @a z 000yy | |
| 200 | 1 | @a汉俄科技翻译指南@AHan E Ke Ji Fan Yi Zhi Nan@f董宗杰编@FDong Zong Jie Bian |
| 210 | @a北京@d1988@c电子工业出版社 | |
| 215 | @a316页@c附图:表格@d20cm | |
| 606 | 0 | @a俄语 |
| 690 | @aH355.9@v3 | |
| 701 | 0 | @a董宗杰@4编 |
| 801 | @aCN@bPftUser@c20040511 | |
| 905 | @f1@b211596@dH355.9@e102 | |
| 汉俄科技翻译指南/董宗杰编.-北京,1988:电子工业出版社 |
| 316页:附图:表格;20cm |
| ISBN 7-5053-0114-4:CNY3.50 |
| ● |
| 相关链接 |
|
|
|
|
正题名:汉俄科技翻译指南
索取号:H355.9/102
 
预约/预借
| 序号 | 登录号 | 条形码 | 馆藏地/架位号 | 状态 | 备注 |
| 1 | 0210336 | 001061816 | 密集书库/ [索取号:H355.9/102] | 在馆 | |
| 2 | 0210337 | 001061852 | 密集书库/ [索取号:H355.9/102] | 在馆 | |
| 3 | 0210338 | 001061825 | 第二样本阅览室/ [索取号:H355.9/102] | 在馆 | |
| 4 | 0211594 | 001062897 | 密集书库/ [索取号:H355.9/102] | 在馆 | |
| 5 | 0211595 | 001061834 | 第四借阅区/ [索取号:H355.9/102] | 在馆 | |
| 6 | 0211596 | 001061843 | 密集书库/ [索取号:H355.9/102] | 在馆 |